Pyramide de mots n°9 - Statistiques

Statistiques générales
  • Ce quiz a été pris 566 fois
  • Le résultat moyen est 5 sur 5
Statistiques - réponses
Lettres Indices Mots % Correct
C,A ... et là Çà
99%
Passé simple de cesser Cessa
94%
A dos ou à main Sac
94%
Rendre inutilisable Casser
90%
Parfois, il en manque une à quelqu'un Case
89%
Aucun quiz correspondant
Distribution des résultats
% des personnes avec chaque résultat
Percentile par nombre de réponses
Votre historique - résultats
Vous n’avez pas pris ce quiz